00481nam a22001577a 4500003000500000005001700005008004100022020001800063040000600081082001500087100004600102245009700148260003500245300000900280650003400289CEME20210628210100.0210211b xxu||||| |||| 00| 0 eng d a81-203-1311-9 c. a004.16 BOY aBoyce, Jim Dunn, Sheldon Turkstra, Chris aUpgrading pcs illustrated step by step illustrations show you exactly how to upgrade your pc aNEW DELHIbPRENTICE HALLc1997 a710P aPERSONAL COMPUTER - UPGRADING